[Event "34th Chess Olympiad (men)"]
[Site "Istanbul"]
[Date "2000.10.29"]
[Round "2.13.1"]
[White "Danner, Georg"]
[Black "Miezis, Normunds"]
[WhiteElo "2437"]
[BlackElo "2518"]
[WhiteCountry "AUT"]
[BlackCountry "LAT"]
[Result "1/2-1/2"]

1. d4 e6 2. c4 b6 3. e4 Bb7 4. Bd3 Bb4+ 5. Nd2 Nc6 6. Ngf3 Qf6 7. e5 Qf4 8. g3
Qh6 9. O-O f6 10. Qe2 O-O-O 11. a3 Qh3 12. Be4 Nh6 13. Rd1 Ng4 14. Nf1 Qh6 15.
Nh4 g5 16. Ng2 Qh3 17. f3 Nh6 18. Bxg5 d5 19. cxd5 exd5 20. exf6 Rhf8 21. Bc2
Rde8 22. f4 Re4 23. Qd3 Nxd4 24. Re1 Nhf5 25. Nd2 Nxc2 26. Qxc2 Rxe1+ 27. Rxe1
Qg4 28. Rf1 Nd4 29. Qxh7 Qxg5 30. Qg7 Ne6 31. fxg5 Nxg5 32. h4 Nh7 33. f7 d4
34. g4 Bd5 35. g5 Bxf7 36. Nf4 Be8 37. g6 Rg8 38. h5 Nf6 39. Kf2 Nxh5 40. Nxh5
Bxg6 41. Qd7+ Kxd7 42. Nf4 Bf5 43. Nf3 c5 44. Ne2 a5 1/2-1/2

[Event "34th Chess Olympiad (men)"]
[Site "Istanbul"]
[Date "2000.10.29"]
[Round "2.13.2"]
[White "Klovans, Janis"]
[Black "Weiss, Christian"]
[WhiteElo "2481"]
[BlackElo "2386"]
[WhiteCountry "LAT"]
[BlackCountry "AUT"]
[Result "1-0"]

1. e4 c6 2. d4 d5 3. e5 Bf5 4. Nf3 e6 5. Be2 Nd7 6. O-O h6 7. Nbd2 Ne7 8. c3 g5
9. Nb3 Ng6 10. Ne1 Nf4 11. Bxf4 gxf4 12. Bd3 Qg5 13. Bxf5 Qxf5 14. Qd3 Qh5 15.
Nc1 f6 16. exf6 Bd6 17. Qf3 Qf5 18. Ned3 Rf8 19. g3 Rxf6 20. gxf4 O-O-O 21. Ne2
Rg8+ 22. Kh1 Rg4 23. Rg1 h5 24. Qe3 Rh4 25. Rg8+ Rf8 26. Rag1 Rxg8 27. Rxg8+
Kc7 28. Rg7 Rg4 29. Ng3 Qf6 30. Nxh5 Qh4 31. Qxe6 Rxg7 32. Nxg7 Qxf4 33. Qe3
Qf7 34. Ne6+ Kb6 35. h4 Kb5 36. h5 Bh2 37. Kxh2 Nc5 38. dxc5 Ka5 39. Kg3 Ka6
40. f3 Qf4+ 41. Kxf4 d4 42. Ke4 1-0

[Event "34th Chess Olympiad (men)"]
[Site "Istanbul"]
[Date "2000.10.29"]
[Round "2.13.3"]
[White "Sommerbauer, Norbert"]
[Black "Meijers, Viesturs"]
[WhiteElo "2391"]
[BlackElo "2478"]
[WhiteCountry "AUT"]
[BlackCountry "LAT"]
[Result "1/2-1/2"]

1. e4 e5 2. Nf3 Nf6 3. Nc3 Bb4 4. Nxe5 O-O 5. Be2 d6 6. Nd3 Bxc3 7. dxc3 Nxe4
8. O-O h6 9. Nf4 Nc6 10. c4 Re8 11. Re1 Bf5 12. Bf1 Nf6 13. Rxe8+ Qxe8 14. c3
Qe5 15. Qd5 Qe3 16. Bxe3 Re8 17. f3 Be6 18. Qd2 b6 19. Re1 Rd8 20. b4 a6 21.
Qf2 Bd5 22. a4 Kh8 23. Qd2 Kh7 24. h3 h5 25. Qc2+ g6 26. Nxg6 fxg6 27. Qe2 Kg7
28. Qd2 g5 29. Kf2 1/2-1/2

[Event "34th Chess Olympiad (men)"]
[Site "Istanbul"]
[Date "2000.10.29"]
[Round "2.13.4"]
[White "Neiksans, Arturs"]
[Black "Hoelzl, Franz"]
[WhiteElo "2355"]
[BlackElo "2394"]
[WhiteCountry "LAT"]
[BlackCountry "AUT"]
[Result "0-1"]

1. e4 c5 2. Nf3 d6 3. d4 cxd4 4. Nxd4 Nf6 5. Nc3 a6 6. Be2 g6 7. O-O Bg7 8. f4
O-O 9. Be3 Re8 10. Bf3 Nbd7 11. Nb3 Qc7 12. Qe2 e5 13. f5 b5 14. a3 gxf5 15.
exf5 e4 16. Bh5 Bb7 17. Qd1 Ne5 18. Be2 Nc4 19. Bxc4 bxc4 20. Nd4 Kh8 21. Qe2
Rg8 22. Rad1 Rab8 23. Rf4 Ba8 24. Rb1 Bh6 25. Rh4 Bg5 26. Rh3 Qc5 27. Rd1 Rg7
28. Rg3 Bxe3+ 29. Qxe3 Rxg3 30. Qxg3 Rg8 31. Qh4 Qe5 32. Nde2 Ng4 33. Qg3 Qc5+
34. Nd4 e3 35. Qh4 Qe5 36. Nde2 Nf2 37. g3 Qxf5 38. Nf4 Nxd1 39. Nxd1 Qe5 40.
Kf1 Bc6 41. Qh6 e2+ 42. Nxe2 Bf3 43. Ndc3 Bxe2+ 44. Nxe2 Re8 45. Nf4 Qxb2 46.
Qxd6 Qb1+ 47. Kg2 Qxc2+ 48. Kh3 Qf5+ 49. g4 Qe5 50. Qd7 Qe3+ 51. Kg2 Rg8 52.
Nh5 Qe4+ 53. Kf2 Qxg4 54. Qxf7 Qg1+ 55. Ke2 Rg2+ 0-1

[Event "34th Chess Olympiad (men)"]
[Site "Istanbul"]
[Date "2000.11.10"]
[Round "13.34.2"]
[White "Hussein, N.A."]
[Black "Sommerbauer, Norbert"]
[WhiteElo "2368"]
[BlackElo "2391"]
[WhiteCountry "IRQ"]
[BlackCountry "AUT"]
[Result "0-1"]

1. e4 c5 2. Nf3 e6 3. d4 cxd4 4. Nxd4 Qb6 5. Nc3 Bc5 6. Na4 (6. Be3 Nc6 (6...
Qxb2 $2 {verbietet sich wegen} 7. Ndb5) 7. Na4 ({Guenstig fuer Weiss ist} 7.
Ncb5 Nxd4 8. Bxd4 Bxd4 9. Qxd4 Qxd4 10. Nxd4 Nf6 11. Nb5 Ke7 12. e5 Ng4 13. f4)
7... Qa5+ 8. c3 Nxd4 9. Nxc5 Qxc5 10. Bxd4 Qg5 11. h4 Qg6 12. Qf3 Nf6 13. Bd3
Qg4 14. Qxg4 Nxg4 15. Bxg7 Rg8 16. Bd4 $16 {
Borocz-A. Toth, HUN 1998 (1/2-1/2; 58)}) 6... Qa5+ 7. c3 Bxd4 8. Qxd4 Nf6 9.
Nc5 Nc6 (9... b6 10. Nb3 Qh5 11. f3 O-O 12. g4 (12. Qd6 $5) 12... Qh4+ 13. Qf2
Qxf2+ 14. Kxf2 Bb7 (14... d6 $5) 15. Bg5 d5 16. Bxf6 gxf6 17. exd5 Bxd5 18. Bb5
$14 {Bawart-Seiser, Wien 1998  (1-0; 43)}) 10. Qe3 b6 {Ein neuer Zug der den
Anziehenden offenbar am falschen Fuss erwischt.  Bekannt ist:} (10... O-O 11.
Be2 b6 12. Nb3 Qa4 13. Nd2 Ba6 14. b3 Qa5 15. b4 Qa4 16. Bd1 Qb5 17. a4 Qd3 18.
b5 Qxe3+ 19. fxe3 Bb7 20. bxc6 Bxc6 $18 {
0-1, Coleman-Emms, Isle of Man 1997 (1-0; 64)}) 11. Nd3 O-O 12. Be2 d5 13. exd5
exd5 14. b4 Qa4 15. Bd1 Qb5 16. a4 Qc4 17. Nb2 Qh4 18. O-O Re8 19. Qf4 Qxf4 20.
Bxf4 Ne4 21. Bf3 Bf5 22. Rfc1 d4 23. g4 dxc3 24. Nd1 Nd4 25. Kg2 Bg6 (25...
Nxf3 26. Kxf3 Nd2+ 27. Bxd2 cxd2 28. Rc3 Be4+ 29. Ke2 Rad8 30. Ne3 Rd4 31. Rd1
Rxb4 32. Rxd2 Rxa4 $19) 26. Rxc3 Nxc3 27. Bxa8 Nce2 0-1

[Event "34th Chess Olympiad (men)"]
[Site "Istanbul"]
[Date "2000.11.10"]
[Round "13.34.3"]
[White "Miniboeck, Guenter"]
[Black "Araz, Mohammad"]
[WhiteElo "2413"]
[BlackElo "2286"]
[WhiteCountry "AUT"]
[BlackCountry "IRQ"]
[Result "1-0"]

1. d4 d5 2. c4 dxc4 3. Nf3 Nf6 4. e3 Bg4 5. Bxc4 e6 6. h3 Bh5 7. Nc3 Nbd7 8.
O-O Bd6 9. e4 e5 10. Be2 O-O 11. dxe5 Nxe5 12. Nd4 Bxe2 13. Qxe2 Ng6 14. Ndb5
Bb4 15. a3 Bxc3 16. Nxc3 Re8 17. f3 Qe7 18. Be3 Rad8 19. Rad1 Nf8 20. Qf2 N8d7
21. Bg5 Nb6 22. Rde1 h6 23. Bh4 g5 24. Bg3 Nh5 25. f4 Qd6 26. fxg5 Nxg3 27.
Qxf7+ Kh8 28. Rf6 Qc5+ 29. Kh2 Qxg5 30. Rg6 Re7 31. Rxg5 Rxf7 32. Rxg3 Rd2 33.
b4 Nc4 34. e5 Re7 35. e6 Rd6 36. Ne4 Rd8 37. Nf6 c6 38. Rd1 Rf8 39. Rd7 Rxd7
40. exd7 Ne5 41. Re3 1-0

[Event "34th Chess Olympiad (men)"]
[Site "Istanbul"]
[Date "2000.11.10"]
[Round "13.34.4"]
[White "Maftool, Abdul Hadi"]
[Black "Neubauer, Martin"]
[WhiteElo "2266"]
[BlackElo "2369"]
[WhiteCountry "IRQ"]
[BlackCountry "AUT"]
[Result "1/2-1/2"]

1. e4 e5 2. Nf3 Nc6 3. Bb5 Nf6 4. d3 d6 5. O-O g6 6. d4 Bd7 7. Re1 exd4 8. Nxd4
Bg7 9. Bxc6 bxc6 10. e5 dxe5 11. Rxe5+ Kf8 12. Nc3 h6 13. Re1 Kg8 14. Qf3 c5
1/2-1/2